Language Quiz

Random Language or Spanish Quiz

Spanish commands practice (tu) Quiz Stats

 Plays Quiz not verified by Sporcle

Score 0/20 Timer 02:00
1 Play Today
verb command % Correct
irve
97.9%
venirven
93.6%
tenerten
86.7%
salirsal
86.1%
comercome
86%
decirdi
82.8%
hacerhaz
82.5%
dormirduerme
73.4%
nadarnada
71.7%
corrercorre
70.5%
verb command % Correct
pedirpide
67.8%
estaresta
67.6%
poderpode
64.4%
jugarjuega
64.2%
escribirescribe
63.6%
seguirsigue
59.5%
morirmuere
53%
empezar empieza
51.8%
comenzarcomienza
50.3%
olerhuele
34.4%

You're not logged in!

Compare scores with friends on all Sporcle quizzes.
OR
Log In

You Might Also Like...

Show Comments

Extras

Created Feb 24, 2012ReportNominate
Tags:Spanish Quiz, command, practice, verb

Top Quizzes Today


Score Distribution

Your Account Isn't Verified!

In order to create a playlist on Sporcle, you need to verify the email address you used during registration. Go to your Sporcle Settings to finish the process.

Report this User

Report this user for behavior that violates our Community Guidelines.

Details: